000 00622nam a2200181Ia 4500
008 100921s9999 xx 000 0 und d
082 _b25000
_a891.463 थ 92
100 _aभावे पुरूषोत्तम भास्कर.
245 _aकथामंथन.
260 _bनवचैतन्य प्रकाशन, मुंबई.
_c1992
300 _a214
_bरसिक साहित्य,पुणे
365 _b100
520 _aललित-कथा.
630 _aकथामंथन.
650 _aललित-कथा.
730 _aकथामंथन.
942 _cBOOK
999 _c774113
_d774110